LEADER 02436nam 2200625Ia 450 001 9910457655103321 005 20200520144314.0 010 $a0-8166-8866-4 035 $a(CKB)1000000000346999 035 $a(EBL)310430 035 $a(OCoLC)476094521 035 $a(SSID)ssj0000265776 035 $a(PQKBManifestationID)11226956 035 $a(PQKBTitleCode)TC0000265776 035 $a(PQKBWorkID)10301267 035 $a(PQKB)11008584 035 $a(MiAaPQ)EBC310430 035 $a(OCoLC)239885814 035 $a(MdBmJHUP)muse39980 035 $a(Au-PeEL)EBL310430 035 $a(CaPaEBR)ebr10151106 035 $a(CaONFJC)MIL522594 035 $a(EXLCZ)991000000000346999 100 $a19980303d1998 ub 0 101 0 $aeng 135 $aurcn||||||||| 181 $ctxt 182 $cc 183 $acr 200 10$aUrban exile$b[electronic resource] $ecollected writings of Harry Gamboa, Jr. /$fHarry Gamboa, Jr. ; edited by Chon A. Noriega 210 $aMinneapolis $cUniversity of Minnesota Press$dc1998 215 $a1 online resource (564 p.) 300 $aDescription based upon print version of record. 311 $a0-8166-3052-6 311 $a0-8166-3051-8 320 $aIncludes bibliographical references. 327 $aContents; Author's Acknowledgments; Editor's Acknowledgments; No Introduction; Essays and Interviews; No Movies; Performance; Fiction; Poetry 330 $aHarry Gamboa Jr. has pioneered multimedia formats for nearly three decades, setting a precedent for the work of artists such as Coco Fusco, Guillermo Go?mez-Pen?a, and Daniel J. Martinez. Urban Exile gathers Gamboa's diverse creations in a visually compelling collection that reveals a rich vein of Chicano avant-garde production reaching back to the early 1970's. 606 $aMexican Americans$zCalifornia$zLos Angeles$vLiterary collections 606 $aCity and town life$zCalifornia$zLos Angeles$vLiterary collections 607 $aLos Angeles (Calif.)$vLiterary collections 608 $aElectronic books. 615 0$aMexican Americans 615 0$aCity and town life 676 $a818.54 676 $a818/.5409 700 $aGamboa$b Harry$01027966 701 $aNoriega$b Chon A.$f1961-$01027918 801 0$bMiAaPQ 801 1$bMiAaPQ 801 2$bMiAaPQ 906 $aBOOK 912 $a9910457655103321 996 $aUrban exile$92443763 997 $aUNINA LEADER 06392oam 2201261 c 450 001 9910554272603321 005 20260302090207.0 010 $a9783839456286 010 $a3839456282 024 7 $a10.14361/9783839456286 035 $a(CKB)4100000011938350 035 $a(DE-B1597)575795 035 $a(OCoLC)1252421148 035 $a(DE-B1597)9783839456286 035 $a(MiAaPQ)EBC6624499 035 $a(Au-PeEL)EBL6624499 035 $a(transcript Verlag)9783839456286 035 $a(Perlego)2044161 035 $a(EXLCZ)994100000011938350 100 $a20260302d2021 uy 0 101 0 $ager 135 $aur||||||||||| 181 $ctxt$2rdacontent 182 $cc$2rdamedia 183 $acr$2rdacarrier 200 10$aReflexive Kataloge$eEin Medium der Übersetzung als Ausstellung, Film und Hypertext$fUlrike Felsing 205 $a1st ed. 210 $aBielefeld$ctranscript Verlag$d2021 215 $a1 online resource (314 p.) 225 0 $aImage 311 08$a9783837656282 311 08$a3837656284 327 $tFrontmatter -- $tInhalt -- $t1. Einleitung -- $t1.1 Fragestellungen und Hypothesen -- $t1.2 Zum Forschungsstand -- $t1.3 Anmerkungen zur theoretischen Grundlage der Untersuchung -- $t1.4 Bezugnahmepraktiken -- $t1.4 Kommentar zum methodischen Ansatz -- $t1.5 Aufbau der Untersuchung -- $t2. Begriffs- und Gegenstandsverständnis -- $t2.1 Ausstellungskatalog und Künstlerbuch -- $t2.2 Gebrauchsbild und Kunstbild -- $t2.3 Layout und Montage -- $t2.4 Medialität -- $t2.5 Intermedialität -- $t2.6 Reflexivität -- $t2.7 Resümee -- $t3. Der mediale Bezugsrahmen des Katalogs -- $t3.1 Arten der kommunikativen Medien -- $t3.2 Unterscheidung der Medien nach ihrem Wirkungsbereich -- $t3.3 Konstitutive mediale Charakteristika -- $t3.3 Konstitutive mediale Charakteristika -- $t4. Kleine historische Typologie der Anordnungslogik -- $t4.1 Die geordnete Liste -- $t4.2 Die seitenbezogene Repräsentationslogik -- $t4.3 Frühe reflexive Anordnungslogik -- $t4.4 Resümee -- $t5. Reflexive Kataloggestaltung -- $t5.1 Collatéral (2009) Gestaltung: HIT -- $t5.2 Riss, Lücke, Scharnier A (2010) Gestaltung: Walter Pamminger -- $t5.3 Behälter, Till Exit (1999) Gestaltung: Markus Dreßen & Phillip Arnold -- $t5.4 Constantin, Olaf Nicolai (2006) Gestaltung: Markus Dreßen, Jan Wenzel & Olaf Nicolai -- $t5.5 Peggy Buth ? Desire in representation: Katalog (2010) Gestaltung: Peggy Buth & Till Gathmann -- $t5.6 Resümee -- $t6. Reflexive Anordnungslogik -- $t6.1 Raumbezogene Anordnungslogik -- $t6.2 Filmartige Anordnungslogik -- $t6.3 Hypertextartige Anordnungslogik -- $t6.4 Resümee -- $t7. Modalitäten der Kommunikation -- $t7.1 Implizite Translation und Dokumentation -- $t7.2 Transparenz und Störung -- $t7.3 Explizite Translation und Reflexion -- $t7.4 Resümee -- $t8. Resümee und Ausblick -- $tEinführung -- $t9. Literaturverzeichnis -- $t9.1 Primärliteratur -- $t9.2 Sekundärliteratur -- $t9.3 Webseiten -- $t9.4 Nachschlagewerke -- $t9.5 Abbildungsverzeichnis -- $t10. Danksagung -- $tDanksagung 330 $aFür gewöhnlich präsentieren Ausstellungskataloge das Kunstwerk als von Zeit und Raum losgelöste Reproduktion. Die visuelle Reflexion und die mediale Übersetzung gewinnen jedoch zunehmend an Bedeutung: Neue Bedürfnisse in der Dokumentation von Installations- und Konzeptkunst, die rasante Verbreitung des Internets sowie der damit verbundene Innovationsdruck auf das klassische Buch lassen auch neue Katalogformen entstehen. Ulrike Felsing stellt diese Reflexiven Kataloge vor, die raumbezogene, film- und hypertextartige Präsentationsformen nutzen, um relevante Zusammenhänge zu vermitteln. 330 1 $a»Die Publikation ist in mehrfacher Hinsicht ausgesprochen lesenswert. Als Sachbuch erläutert sie wichtige fachliche Sachverhalte, die bei der Gestaltung von Ausstellungskatalogen zum Tragen kommen. [...] Gleichzeitig ist das gewählte Thema aufgrund des Gegenwarts- sowie des Kunst- und Ausstellungsbezugs ein Querschnittsthema, das in viele angrenzende Forschungsfelder hineinragt. [...] Nicht zuletzt regt die Arbeitzum Nachdenken an und wirft neue Fragen auf.« 410 0$aImage 517 2 $aFelsing, Reflexive Kataloge$eEin Medium der Übersetzung als Ausstellung, Film und Hypertext 606 $aAusstellungskatalog 606 $aExhibition Catalogue 606 $aVisual Presentation 606 $aVisuelle Präsentation 606 $aKonzeptkunst 606 $aConcept Art 606 $aInstallationskunst 606 $aInstallation Art 606 $aIntermedialität 606 $aIntermediality 606 $aDokumentation 606 $aDocumentary 606 $aRaum 606 $aSpace 606 $aFilm 606 $aHypertext 606 $aKunst 606 $aArt 606 $aBild 606 $aImage 606 $aMedien 606 $aMedia 606 $aBildwissenschaft 606 $aVisual Studies 606 $aMedia Theory 606 $aMedientheorie 606 $aDesign 606 $aMedienästhetik 606 $aMedia Aesthetics 606 $aKunstwissenschaft 606 $aFine Arts 615 4$aAusstellungskatalog 615 4$aExhibition Catalogue 615 4$aVisual Presentation 615 4$aVisuelle Präsentation 615 4$aKonzeptkunst 615 4$aConcept Art 615 4$aInstallationskunst 615 4$aInstallation Art 615 4$aIntermedialität 615 4$aIntermediality 615 4$aDokumentation 615 4$aDocumentary 615 4$aRaum 615 4$aSpace 615 4$aFilm 615 4$aHypertext 615 4$aKunst 615 4$aArt 615 4$aBild 615 4$aImage 615 4$aMedien 615 4$aMedia 615 4$aBildwissenschaft 615 4$aVisual Studies 615 4$aMedia Theory 615 4$aMedientheorie 615 4$aDesign 615 4$aMedienästhetik 615 4$aMedia Aesthetics 615 4$aKunstwissenschaft 615 4$aFine Arts 676 $a741.6409051 686 $aAP 15480$qSEPA$2rvk 700 $aFelsing$b Ulrike$p

Ulrike Felsing, Hochschule der Künste Bern, Schweiz

$4aut$01888328 801 0$bDE-B1597 801 1$bDE-B1597 906 $aBOOK 912 $a9910554272603321 996 $aReflexive Kataloge$94527008 997 $aUNINA